<?xml version="1.0" encoding="UTF-8"?><?xml-stylesheet type="text/xsl" href="static/style.xsl"?><OAI-PMH xmlns="http://www.openarchives.org/OAI/2.0/" xmlns:xsi="http://www.w3.org/2001/XMLSchema-instance" xsi:schemaLocation="http://www.openarchives.org/OAI/2.0/ http://www.openarchives.org/OAI/2.0/OAI-PMH.xsd"><responseDate>2026-04-13T07:33:40Z</responseDate><request verb="GetRecord" identifier="oai:www.recercat.cat:11351/12418" metadataPrefix="marc">https://recercat.cat/oai/request</request><GetRecord><record><header><identifier>oai:recercat.cat:11351/12418</identifier><datestamp>2025-10-24T10:16:19Z</datestamp><setSpec>com_2072_378070</setSpec><setSpec>com_2072_378040</setSpec><setSpec>col_2072_378092</setSpec></header><metadata><record xmlns="http://www.loc.gov/MARC21/slim" xmlns:dcterms="http://purl.org/dc/terms/" xmlns:xsi="http://www.w3.org/2001/XMLSchema-instance" xmlns:doc="http://www.lyncode.com/xoai" xsi:schemaLocation="http://www.loc.gov/MARC21/slim http://www.loc.gov/standards/marcxml/schema/MARC21slim.xsd">
   <leader>00925njm 22002777a 4500</leader>
   <datafield ind2=" " ind1=" " tag="042">
      <subfield code="a">dc</subfield>
   </datafield>
   <datafield ind2=" " ind1=" " tag="720">
      <subfield code="a">CALVO PENADES, INMACULADA</subfield>
      <subfield code="e">author</subfield>
   </datafield>
   <datafield ind2=" " ind1=" " tag="720">
      <subfield code="a">Calzada-Hernández, Joan</subfield>
      <subfield code="e">author</subfield>
   </datafield>
   <datafield ind2=" " ind1=" " tag="720">
      <subfield code="a">Mosquera Angarita, Juan Manuel</subfield>
      <subfield code="e">author</subfield>
   </datafield>
   <datafield ind2=" " ind1=" " tag="720">
      <subfield code="a">López Montesinos, Berta</subfield>
      <subfield code="e">author</subfield>
   </datafield>
   <datafield ind2=" " ind1=" " tag="720">
      <subfield code="a">Moreno Ruzafa, Estefania</subfield>
      <subfield code="e">author</subfield>
   </datafield>
   <datafield ind2=" " ind1=" " tag="720">
      <subfield code="a">Bou, Rosa</subfield>
      <subfield code="e">author</subfield>
   </datafield>
   <datafield ind2=" " ind1=" " tag="720">
      <subfield code="a">López-Corbeto, Mireia</subfield>
      <subfield code="e">author</subfield>
   </datafield>
   <datafield ind2=" " ind1=" " tag="260">
      <subfield code="c">2025-01-15T12:44:25Z</subfield>
   </datafield>
   <datafield ind2=" " ind1=" " tag="260">
      <subfield code="c">2025-01-15T12:44:25Z</subfield>
   </datafield>
   <datafield ind2=" " ind1=" " tag="260">
      <subfield code="c">2024-11-26</subfield>
   </datafield>
   <datafield ind2=" " ind1=" " tag="520">
      <subfield code="a">Children; Family; Psychosocial</subfield>
   </datafield>
   <datafield ind2=" " ind1=" " tag="520">
      <subfield code="a">Niños; Familia; Psicosocial</subfield>
   </datafield>
   <datafield ind2=" " ind1=" " tag="520">
      <subfield code="a">Nens; Família; Psicosocial</subfield>
   </datafield>
   <datafield ind2=" " ind1=" " tag="520">
      <subfield code="a">Background&#xd;
To assess the psychosocial impact of moderate-severe juvenile idiopathic arthritis (JIA) on patients and their families, among those who had been treated with at least one anti-tumor necrosis factor (anti-TNF-α), according to routine clinical practice in Spain.&#xd;
Patients and methods&#xd;
A 24-month observational, multicentric, cross-sectional and retrospective study was performed. Children diagnosed with JIA were enrolled at three tertiary-care Spanish hospitals. The study included children treated with biologic disease-modifying antirheumatic drugs (bDMARD) who participated in a previous study, the ITACA, and who continued follow-up in these pediatric rheumatology units. Patient health-related quality of life (HRQoL) was assessed using the Pediatric Quality of Life Inventory (PedsQL™). Caregivers completed an interview to gather information about school attendance, their children’s participation in school and social activities, its impact on their jobs and social life and perceived psychosocial support.&#xd;
A descriptive statistical analysis of all the variables was performed. The Mann–Whitney-U test or Kruskall-Wallis H test were used to compare quantitative variables and Fisher’s exact tests was used for qualitative variables. Tests were two-tailed with a significance level of 5%. The data were analyzed using SPSS V18.0 statistical software.&#xd;
Results&#xd;
One hundred and seven patients were included. Overall, patients were on inactive disease or low disease activity according to JADAS-71 score and had very low functional disability according to CHAQ score. Up to 94.4% of patients were receiving drug treatment, mainly with bDMARD in monotherapy (84.5%). Based on PedsQL, patients and parents referred a high HRQoL. School Functioning PedsQL domain achieved the lowest score. Work and social impact due to the child´s disease was greater for mothers than for fathers. The understanding of the disease was lower at school than in the with family and friends’ environments.&#xd;
Conclusion&#xd;
Most of the patients had a high HRQoL and had controlled disease activity, despite having a negative psychosocial impact on some of them and their families, mainly on school functioning. Children’s disease seems to involve greater work and psychosocial impacts for mothers than for fathers of children affected by JIA.</subfield>
   </datafield>
   <datafield ind2=" " ind1=" " tag="520">
      <subfield code="a">This study is funding by Pfizer.</subfield>
   </datafield>
   <datafield ind1="8" ind2=" " tag="024">
      <subfield code="a">http://hdl.handle.net/11351/12418</subfield>
   </datafield>
   <datafield tag="653" ind2=" " ind1=" ">
      <subfield code="a">Antireumàtics</subfield>
   </datafield>
   <datafield tag="653" ind2=" " ind1=" ">
      <subfield code="a">Artritis reumatoide en els infants - Aspectes psicològics</subfield>
   </datafield>
   <datafield tag="653" ind2=" " ind1=" ">
      <subfield code="a">Família - Aspectes psicològics</subfield>
   </datafield>
   <datafield tag="653" ind2=" " ind1=" ">
      <subfield code="a">Cuidadors - Aspectes psicològics</subfield>
   </datafield>
   <datafield tag="653" ind2=" " ind1=" ">
      <subfield code="a">DISEASES::Musculoskeletal Diseases::Joint Diseases::Arthritis::Arthritis, Juvenile</subfield>
   </datafield>
   <datafield tag="653" ind2=" " ind1=" ">
      <subfield code="a">PSYCHIATRY AND PSYCHOLOGY::Behavior and Behavior Mechanisms::Psychology, Social::Family</subfield>
   </datafield>
   <datafield tag="653" ind2=" " ind1=" ">
      <subfield code="a">NAMED GROUPS::Persons::Caregivers</subfield>
   </datafield>
   <datafield tag="653" ind2=" " ind1=" ">
      <subfield code="a">PUBLIC HEALTH::Disasters::Disaster Management::Impact of Disasters::Psychosocial Impact</subfield>
   </datafield>
   <datafield tag="653" ind2=" " ind1=" ">
      <subfield code="a">CHEMICALS AND DRUGS::Chemical Actions and Uses::Pharmacologic Actions::Therapeutic Uses::Antirheumatic Agents</subfield>
   </datafield>
   <datafield tag="653" ind2=" " ind1=" ">
      <subfield code="a">ENFERMEDADES::enfermedades musculoesqueléticas::artropatías::artritis::artritis juvenil</subfield>
   </datafield>
   <datafield tag="653" ind2=" " ind1=" ">
      <subfield code="a">PSIQUIATRÍA Y PSICOLOGÍA::conducta y mecanismos de la conducta::psicología social::familia</subfield>
   </datafield>
   <datafield tag="653" ind2=" " ind1=" ">
      <subfield code="a">DENOMINACIONES DE GRUPOS::personas::cuidadores de pacientes</subfield>
   </datafield>
   <datafield tag="653" ind2=" " ind1=" ">
      <subfield code="a">SALUD PÚBLICA::desastres::manejo de desastres::impacto de los desastres::impacto psicosocial</subfield>
   </datafield>
   <datafield tag="653" ind2=" " ind1=" ">
      <subfield code="a">COMPUESTOS QUÍMICOS Y DROGAS::acciones y usos químicos::acciones farmacológicas::usos terapéuticos::antirreumáticos</subfield>
   </datafield>
   <datafield ind2="0" ind1="0" tag="245">
      <subfield code="a">Real-world psychosocial impact among patients with juvenile idiopathic arthritis and families in Spain</subfield>
   </datafield>
</record></metadata></record></GetRecord></OAI-PMH>